| 000 -CABECERA |
| Longitud fija campo de control |
00979nam a2200241 i 4500 |
| 001 - NÚMERO DE CONTROL |
| Número de control |
991058478168306706 |
| 003 - IDENTIFICADOR DEL NÚMERO DE CONTROL |
| Identificador del número de control |
OSt |
| 005 - FECHA Y HORA DE LA ÚLTIMA TRANSACCIÓN |
| Fecha y hora de la última transacción |
20231016140904.0 |
| 006 - CÓDIGOS DE INFORMACIÓN DE LONGITUD FIJA - CARACTERÍSTICAS DEL MATERIAL ADICIONAL |
| Códigos de información de longitud fija - Caracter&íacute;sticas del material adicional |
m o d | |
| 007 - CAMPO FIJO DE DESCRIPCIÓN FÍSICA |
| Campo fijo de descripción f&íacute;sica |
cr ||||||||||| |
| 008 - CÓDIGOS DE INFORMACIÓN DE LONGITUD FIJA |
| Códigos de información de longitud fija |
201029s2019 sp a ob 000 0 spa d |
| 040 ## - FUENTE DE LA CATALOGACIÓN |
| Centro catalogador de origen |
CDMR |
| Centro transcriptor |
CDMR |
| Lengua de catalogación |
cat |
| 245 10 - MENCIÓN DE TÍTULO |
| Título |
European Communication Monitor 2023 : |
| Resto del título |
looking back and ahead : 15 years of research on strategic communication [recurs electrònic] / |
| Mención de responsabilidad, etc. |
Zerfass, A. [et al.] |
| 260 ## - PUBLICACIÓN, DISTRIBUCIÓN, ETC. (PIE DE IMPRENTA) |
| Lugar de publicación, distribución, etc. |
Brussels : |
| Nombre del editor, distribuidor, etc. |
EUPRERA / EACD, |
| Fecha de publicación, distribución, etc. |
2023 |
| 300 ## - DESCRIPCIÓN FÍSICA |
| Extensión |
1 recurs electrònic (64 pàgines) |
| 650 #0 - PUNTO DE ACCESO ADICIONAL DE MATERIA - TÉRMINO DE MATERIA |
| Término de materia o nombre geográfico como elemento inicial |
Comunicació en l'empresa |
| 9 (RLIN) |
2798 |
| Subdivisión geográfica |
Europa |
| Subdivisión cronológica |
2007-2022 |
| 650 #0 - PUNTO DE ACCESO ADICIONAL DE MATERIA - TÉRMINO DE MATERIA |
| Término de materia o nombre geográfico como elemento inicial |
Relacions públiques |
| 9 (RLIN) |
2775 |
| Subdivisión geográfica |
Europa |
| Subdivisión cronológica |
2007-2022 |
| 700 ## - PUNTO DE ACCESO ADICIONAL - NOMBRE DE PERSONA |
| 9 (RLIN) |
4893 |
| Nombre de persona |
Zerfass, A. |
| 710 ## - PUNTO DE ACCESO ADICIONAL - NOMBRE DE ENTIDAD |
| 9 (RLIN) |
4891 |
| Nombre de entidad o nombre de jurisdicción como elemento inicial |
European Public Relations Education and Research Association |
| 710 ## - PUNTO DE ACCESO ADICIONAL - NOMBRE DE ENTIDAD |
| 9 (RLIN) |
4892 |
| Nombre de entidad o nombre de jurisdicción como elemento inicial |
European Association of Communication Directors |
| 856 ## - LOCALIZACIÓN Y ACCESO ELECTRÓNICO |
| Nota pública |
Accés en línia |
| Identificador Uniforme del Recurso (URI) |
<a href="https://www.communicationmonitor.eu/download/3247/">https://www.communicationmonitor.eu/download/3247/</a> |
| 942 ## - ENTRADA DE ELEMENTOS AGREGADOS (KOHA) |
| Fuente de clasificaión o esquema |
|
| Koha [por defecto] tipo de item |
Llibres electrònics |